It looks like you're offline.
Open Library logo
additional options menu

MARC Record from Library of Congress

Record ID marc_loc_2016/BooksAll.2016.part41.utf8:120348040:797
Source Library of Congress
Download Link /show-records/marc_loc_2016/BooksAll.2016.part41.utf8:120348040:797?format=raw

LEADER: 00797cam a2200253 a 4500
001 2013932303
003 DLC
005 20131030081335.0
008 130201s2013 pau 000 0 eng d
010 $a 2013932303
020 $a9780762447695 (pbk.)
020 $a0762447699 (pbk.)
035 $a(OCoLC)ocn840922790
040 $aPNX$cPNX$dOCLCO$dBTCTA$dYDXCP$dBDX$dBKL$dDLC
042 $alccopycat
050 00 $aBF632$b.S53 2013
082 04 $a158.1$223
100 1 $aSincero, Jen,$d1965-
245 10 $aYou are a bad ass :$bhow to stop doubting your greatness and start living an awesome life /$cJen Sincero.
246 14 $aYou are a badass
260 $aPhiladelphia :$bRunning Press,$cc2013.
300 $a254 p. ;$c21 cm.
650 0 $aSelf-help techniques.
650 0 $aSelf-actualization (Psychology)